KOHA-Header-6

Beyond The Mainframe A Guide To Open Computer Systems (Record no. 6473)

000 -LEADER
fixed length control field 00280nam a2200109Ia 4500
100 ## - MAIN ENTRY--AUTHOR NAME
Personal name Conor Sexton
245 #0 - TITLE STATEMENT
Title Beyond The Mainframe A Guide To Open Computer Systems
260 ## - PUBLICATION, DISTRIBUTION, ETC. (IMPRINT)
Place of publication UK
Name of publisher Elsevier
Year of publication 1995
300 ## - PHYSICAL DESCRIPTION
Number of Pages 305
942 ## - ADDED ENTRY ELEMENTS (KOHA)
Koha item type Books
Holdings
Withdrawn status Lost status Collection code Permanent Location Current Location Shelving location Date acquired Full call number Accession Number Koha item type
    Mathematics MAJU MAJU Shelf No.A26 2019-09-07 621.15 27 Mathematics

Powered by Koha